00330nam a2200133Ia 4500008004000000082001400040100002100054245002200075260004400097300001200141650001200153650001400165650001700179210210b2003 xxu||||| |||| 00| 0 eng d a417K CHES aCHENNAKKA PAVATE aShasana sanjivini aDharavadabChennaganga Prakashanac2003 axii,188 aShasana asanjivini aInscriptions